ბათუმის შოთა რუსთაველის სახელმწიფო უნივერსიტეტის ბიბლიოთეკა

Güvenlık Stratejılerı Dergısı. 2014. 19 (ბიბ.ჩანაწერი № 46789)

000 -LEADER
fixed length control field 00551nam a2200205Ia 4500
001 - CONTROL NUMBER
control field 13635
003 - CONTROL NUMBER IDENTIFIER
control field GE_BSU
008 - FIXED-LENGTH DATA ELEMENTS--GENERAL INFORMATION
fixed length control field 181216s||||||||xx |||||||||||||| ||und||
040 ## - CATALOGING SOURCE
Transcribing agency GE_BSU
245 ## - TITLE STATEMENT
Title Güvenlık Stratejılerı Dergısı. 2014. 19
245 #4 - TITLE STATEMENT
Remainder of title The Journal of Securıty Strategıes
245 ## - TITLE STATEMENT
Statement of responsibility, etc. Editör Karaca R.Kutay
260 ## - PUBLICATION, DISTRIBUTION, ETC.
Place of publication, distribution, etc. Istanbul
260 ## - PUBLICATION, DISTRIBUTION, ETC.
Date of publication, distribution, etc. 2014
300 ## - PHYSICAL DESCRIPTION
Extent 256p.24cm.
520 ## - SUMMARY, ETC.
Summary, etc. ნაჩუქარი
653 ## - INDEX TERM--UNCONTROLLED
Uncontrolled term Güvenlık Stratejılerı Dergısı
653 ## - INDEX TERM--UNCONTROLLED
Uncontrolled term პერიოდიკა
942 ## - ADDED ENTRY ELEMENTS (KOHA)
Koha item type პერიოდიკა
ეგზემპლარები
Withdrawn status Lost status Damaged status Not for loan Date acquired Barcode Date last seen Price effective from Koha item type Public note
        2018-12-17 p76646 2018-12-17 2018-12-17 პერიოდიკა ნაჩუქარი